| 000 | 00800nam a22002417a 4500 | ||
|---|---|---|---|
| 003 | BD-DhJNU | ||
| 005 | 20251009061028.0 | ||
| 008 | 251009b |||||||| |||| 00| 0 eng d | ||
| 020 | _a9781032758626 | ||
| 040 |
_aBD-DhJNU _bENG _cBD-DhJNU _dBD-DhJNU |
||
| 082 |
_223 _a519.54 DIF |
||
| 100 | _aDing, Peng | ||
| 245 |
_aA first course in causal inference / _cPeng Ding |
||
| 260 |
_aBoca Raton : _bCRC Press, Taylor & Francis Group, _c2024. |
||
| 300 |
_axxvi ; 421p. : _bill. ; _c24 cm. |
||
| 490 | _aChapman & Hall/CRC texts in statistical science | ||
| 504 | _aIncludes bibliographies | ||
| 650 |
_a Mathematical statistics _xTextbooks |
||
| 650 |
_aProbabilities _xTextbooks |
||
| 650 |
_aCausation _vMathematical models |
||
| 650 |
_aInference _vMathematical models |
||
| 942 |
_2ddc _cBK _n0 |
||
| 999 |
_c2222 _d2222 |
||